000 01013nam a22003137a 4500
001 BR8304259
003 BR-BrBNA
005 20230928091723.0
007 ta
008 230509b bl.||||| |||| 00| 0 por d
040 _aBR-BrBNA
_bpor
_cBiblioteca Nacional de Agricultura
041 _a(Por)
072 _aF00; E70
_b1850
_b/G514
090 _ 1850 BR8304259
100 1 _aRebelo, J.A.
110 1 _aEmpresa de Assistencia Tecnica e Extensao Rural de Santa Catarina, Florianopolis (Brasil);
_93993
110 1 _aAssociacao de Credito e Assistencia Rural do Estado de Santa Catarina, Florianopolis (Brasil)
_9468
245 1 _aA cultura do tomate na regiao de Florianopolis [Santa Catarina, Brasil]
260 3 _aFlorianopolis, SC (Brasil):
_c1983.
300 _a51 p.
650 _aPRODUCAO VEGETAL
650 _aTOMATE
650 _aPRATICA CULTURAL
650 _aCOMERCIALIZACAO
650 _aABASTECIMENTO
650 _aFLORIANOPOLIS
909 _a202309
_bLucia
_c55
_dLucia Elande
942 _cBK
999 _c35174
_d35174